| 000 | 00437nam a22001577a 4500 | ||
|---|---|---|---|
| 082 | _a510 | ||
| 100 | _aBatool, Iqra | ||
| 245 |
_alamb modes in a plate or a Cylinder _cIqra Batool. |
||
| 260 |
_aIslamabad: _bSNS - NUST, _c2016. |
||
| 300 |
_a43 p.: ill,; _c30cm. |
||
| 650 |
_aMS Thesis. _918721 |
||
| 700 |
_aFaiz Ahmed. _920180 |
||
| 942 |
_2ddc _cTHE |
||
| 999 |
_c528400 _d528400 |
||